Countries of the World by Emoji Flag - Statistics

General Stats
  • This quiz has been taken 11 times
  • The average score is 109 of 196
Answer Stats
Flag Country % Correct
๐Ÿ‡ฆ๐Ÿ‡บ Australia
89%
๐Ÿ‡ฆ๐Ÿ‡ฑ Albania
78%
๐Ÿ‡ฆ๐Ÿ‡ท Argentina
78%
๐Ÿ‡ง๐Ÿ‡ท Brazil
78%
๐Ÿ‡จ๐Ÿ‡ฆ Canada
78%
๐Ÿ‡ซ๐Ÿ‡ท France
78%
๐Ÿ‡ฉ๐Ÿ‡ช Germany
78%
๐Ÿ‡ฏ๐Ÿ‡ต Japan
78%
๐Ÿ‡ฒ๐Ÿ‡พ Malaysia
78%
๐Ÿ‡ณ๐Ÿ‡ฑ Netherlands
78%
๐Ÿ‡ณ๐Ÿ‡ฟ New Zealand
78%
๐Ÿ‡ต๐Ÿ‡ฑ Poland
78%
๐Ÿ‡จ๐Ÿ‡ญ Switzerland
78%
๐Ÿ‡บ๐Ÿ‡ธ United States
78%
๐Ÿ‡ป๐Ÿ‡ช Venezuela
78%
๐Ÿ‡ฆ๐Ÿ‡ฉ Andorra
67%
๐Ÿ‡ฆ๐Ÿ‡ฌ Antigua and Barbuda
67%
๐Ÿ‡ฆ๐Ÿ‡น Austria
67%
๐Ÿ‡ง๐Ÿ‡ง Barbados
67%
๐Ÿ‡จ๐Ÿ‡ณ China
67%
๐Ÿ‡จ๐Ÿ‡ด Colombia
67%
๐Ÿ‡ญ๐Ÿ‡ท Croatia
67%
๐Ÿ‡จ๐Ÿ‡พ Cyprus
67%
๐Ÿ‡ฉ๐Ÿ‡ด Dominican Republic
67%
๐Ÿ‡ช๐Ÿ‡ฌ Egypt
67%
๐Ÿ‡ช๐Ÿ‡ช Estonia
67%
๐Ÿ‡ซ๐Ÿ‡ฎ Finland
67%
๐Ÿ‡ฌ๐Ÿ‡ญ Ghana
67%
๐Ÿ‡ฌ๐Ÿ‡ท Greece
67%
๐Ÿ‡ฎ๐Ÿ‡ธ Iceland
67%
๐Ÿ‡ฎ๐Ÿ‡ณ India
67%
๐Ÿ‡ฎ๐Ÿ‡ฉ Indonesia
67%
๐Ÿ‡ฎ๐Ÿ‡ถ Iraq
67%
๐Ÿ‡ฎ๐Ÿ‡ช Ireland
67%
๐Ÿ‡ฎ๐Ÿ‡ฑ Israel
67%
๐Ÿ‡ฏ๐Ÿ‡ฒ Jamaica
67%
๐Ÿ‡ฏ๐Ÿ‡ด Jordan
67%
๐Ÿ‡ฐ๐Ÿ‡ฟ Kazakhstan
67%
๐Ÿ‡ฐ๐Ÿ‡ช Kenya
67%
๐Ÿ‡ฐ๐Ÿ‡ผ Kuwait
67%
๐Ÿ‡ฑ๐Ÿ‡ง Lebanon
67%
๐Ÿ‡ฒ๐Ÿ‡ฝ Mexico
67%
๐Ÿ‡ณ๐Ÿ‡ต Nepal
67%
๐Ÿ‡ณ๐Ÿ‡ด Norway
67%
๐Ÿ‡ต๐Ÿ‡ฐ Pakistan
67%
๐Ÿ‡ต๐Ÿ‡ฆ Panama
67%
๐Ÿ‡ต๐Ÿ‡ช Peru
67%
๐Ÿ‡ต๐Ÿ‡ญ Philippines
67%
๐Ÿ‡ถ๐Ÿ‡ฆ Qatar
67%
๐Ÿ‡ท๐Ÿ‡ด Romania
67%
๐Ÿ‡ธ๐Ÿ‡ฆ Saudi Arabia
67%
๐Ÿ‡ท๐Ÿ‡ธ Serbia
67%
๐Ÿ‡ฟ๐Ÿ‡ฆ South Africa
67%
๐Ÿ‡ฐ๐Ÿ‡ท South Korea
67%
๐Ÿ‡ช๐Ÿ‡ธ Spain
67%
๐Ÿ‡ธ๐Ÿ‡ช Sweden
67%
๐Ÿ‡น๐Ÿ‡ญ Thailand
67%
๐Ÿ‡น๐Ÿ‡ท Turkey
67%
๐Ÿ‡ฌ๐Ÿ‡ง United Kingdom
67%
๐Ÿ‡บ๐Ÿ‡พ Uruguay
67%
๐Ÿ‡ป๐Ÿ‡ณ Vietnam
67%
๐Ÿ‡ฆ๐Ÿ‡ซ Afghanistan
56%
๐Ÿ‡ฆ๐Ÿ‡ด Angola
56%
๐Ÿ‡ฆ๐Ÿ‡ฒ Armenia
56%
๐Ÿ‡ฆ๐Ÿ‡ฟ Azerbaijan
56%
๐Ÿ‡ง๐Ÿ‡ฉ Bangladesh
56%
๐Ÿ‡ง๐Ÿ‡ช Belgium
56%
๐Ÿ‡ง๐Ÿ‡น Bhutan
56%
๐Ÿ‡ง๐Ÿ‡ด Bolivia
56%
๐Ÿ‡ง๐Ÿ‡ฆ Bosnia and Herzegovina
56%
๐Ÿ‡ง๐Ÿ‡ผ Botswana
56%
๐Ÿ‡ง๐Ÿ‡ฌ Bulgaria
56%
๐Ÿ‡ง๐Ÿ‡ซ Burkina Faso
56%
๐Ÿ‡ง๐Ÿ‡ฎ Burundi
56%
๐Ÿ‡ฐ๐Ÿ‡ญ Cambodia
56%
๐Ÿ‡จ๐Ÿ‡ฑ Chile
56%
๐Ÿ‡จ๐Ÿ‡บ Cuba
56%
๐Ÿ‡จ๐Ÿ‡ฟ Czech Republic
56%
๐Ÿ‡ฉ๐Ÿ‡ฐ Denmark
56%
๐Ÿ‡จ๐Ÿ‡ฉ DR Congo
56%
๐Ÿ‡ช๐Ÿ‡จ Ecuador
56%
๐Ÿ‡ซ๐Ÿ‡ฏ Fiji
56%
๐Ÿ‡ฌ๐Ÿ‡ฆ Gabon
56%
๐Ÿ‡ฌ๐Ÿ‡ช Georgia
56%
๐Ÿ‡ญ๐Ÿ‡บ Hungary
56%
๐Ÿ‡ฎ๐Ÿ‡ท Iran
56%
๐Ÿ‡ฎ๐Ÿ‡น Italy
56%
๐Ÿ‡จ๐Ÿ‡ฎ Ivory Coast
56%
๐Ÿ‡ฐ๐Ÿ‡ฎ Kiribati
56%
๐Ÿ‡ฝ๐Ÿ‡ฐ Kosovo
56%
๐Ÿ‡ฑ๐Ÿ‡ป Latvia
56%
๐Ÿ‡ฑ๐Ÿ‡ธ Lesotho
56%
๐Ÿ‡ฑ๐Ÿ‡น Lithuania
56%
๐Ÿ‡ฑ๐Ÿ‡บ Luxembourg
56%
๐Ÿ‡ฒ๐Ÿ‡ฟ Mozambique
56%
๐Ÿ‡ฒ๐Ÿ‡ฒ Myanmar
56%
๐Ÿ‡ณ๐Ÿ‡ฆ Namibia
56%
๐Ÿ‡ณ๐Ÿ‡ฎ Nicaragua
56%
๐Ÿ‡ณ๐Ÿ‡ฌ Nigeria
56%
๐Ÿ‡ฐ๐Ÿ‡ต North Korea
56%
๐Ÿ‡ด๐Ÿ‡ฒ Oman
56%
๐Ÿ‡ต๐Ÿ‡ฌ Papua New Guinea
56%
๐Ÿ‡ต๐Ÿ‡น Portugal
56%
๐Ÿ‡ท๐Ÿ‡บ Russia
56%
๐Ÿ‡ท๐Ÿ‡ผ Rwanda
56%
๐Ÿ‡ธ๐Ÿ‡ฒ San Marino
56%
๐Ÿ‡ธ๐Ÿ‡ณ Senegal
56%
๐Ÿ‡ธ๐Ÿ‡ฐ Slovakia
56%
๐Ÿ‡ธ๐Ÿ‡ฎ Slovenia
56%
๐Ÿ‡ธ๐Ÿ‡ด Somalia
56%
๐Ÿ‡ฑ๐Ÿ‡ฐ Sri Lanka
56%
๐Ÿ‡ธ๐Ÿ‡พ Syria
56%
๐Ÿ‡น๐Ÿ‡ผ Taiwan
56%
๐Ÿ‡น๐Ÿ‡ฟ Tanzania
56%
๐Ÿ‡น๐Ÿ‡น Trinidad and Tobago
56%
๐Ÿ‡บ๐Ÿ‡ฌ Uganda
56%
๐Ÿ‡ฆ๐Ÿ‡ช United Arab Emirates
56%
๐Ÿ‡บ๐Ÿ‡ฟ Uzbekistan
56%
๐Ÿ‡ป๐Ÿ‡ฆ Vatican City
56%
๐Ÿ‡พ๐Ÿ‡ช Yemen
56%
๐Ÿ‡ฟ๐Ÿ‡ฒ Zambia
56%
๐Ÿ‡ฟ๐Ÿ‡ผ Zimbabwe
56%
๐Ÿ‡ฉ๐Ÿ‡ฟ Algeria
44%
๐Ÿ‡ง๐Ÿ‡ธ Bahamas
44%
๐Ÿ‡ง๐Ÿ‡ญ Bahrain
44%
๐Ÿ‡ง๐Ÿ‡พ Belarus
44%
๐Ÿ‡ง๐Ÿ‡ฟ Belize
44%
๐Ÿ‡ง๐Ÿ‡ฏ Benin
44%
๐Ÿ‡ง๐Ÿ‡ณ Brunei
44%
๐Ÿ‡จ๐Ÿ‡ฒ Cameroon
44%
๐Ÿ‡จ๐Ÿ‡ป Cape Verde
44%
๐Ÿ‡จ๐Ÿ‡ซ Central African Republic
44%
๐Ÿ‡น๐Ÿ‡ฉ Chad
44%
๐Ÿ‡ฐ๐Ÿ‡ฒ Comoros
44%
๐Ÿ‡จ๐Ÿ‡ท Costa Rica
44%
๐Ÿ‡ฉ๐Ÿ‡ฏ Djibouti
44%
๐Ÿ‡ฉ๐Ÿ‡ฒ Dominica
44%
๐Ÿ‡น๐Ÿ‡ฑ East Timor
44%
๐Ÿ‡ฌ๐Ÿ‡ถ Equatorial Guinea
44%
๐Ÿ‡ช๐Ÿ‡ท Eritrea
44%
๐Ÿ‡ธ๐Ÿ‡ฟ Eswatini
44%
๐Ÿ‡ช๐Ÿ‡น Ethiopia
44%
๐Ÿ‡ฌ๐Ÿ‡ฒ Gambia
44%
๐Ÿ‡ฌ๐Ÿ‡ฉ Grenada
44%
๐Ÿ‡ฌ๐Ÿ‡น Guatemala
44%
๐Ÿ‡ฌ๐Ÿ‡ณ Guinea
44%
๐Ÿ‡ฌ๐Ÿ‡พ Guyana
44%
๐Ÿ‡ญ๐Ÿ‡น Haiti
44%
๐Ÿ‡ญ๐Ÿ‡ณ Honduras
44%
๐Ÿ‡ฐ๐Ÿ‡ฌ Kyrgyzstan
44%
๐Ÿ‡ฑ๐Ÿ‡ฆ Laos
44%
๐Ÿ‡ฑ๐Ÿ‡ท Liberia
44%
๐Ÿ‡ฑ๐Ÿ‡พ Libya
44%
๐Ÿ‡ฑ๐Ÿ‡ฎ Liechtenstein
44%
๐Ÿ‡ฒ๐Ÿ‡ฌ Madagascar
44%
๐Ÿ‡ฒ๐Ÿ‡ผ Malawi
44%
๐Ÿ‡ฒ๐Ÿ‡ป Maldives
44%
๐Ÿ‡ฒ๐Ÿ‡ฑ Mali
44%
๐Ÿ‡ฒ๐Ÿ‡น Malta
44%
๐Ÿ‡ฒ๐Ÿ‡ท Mauritania
44%
๐Ÿ‡ฒ๐Ÿ‡บ Mauritius
44%
๐Ÿ‡ฒ๐Ÿ‡ฉ Moldova
44%
๐Ÿ‡ฒ๐Ÿ‡จ Monaco
44%
๐Ÿ‡ฒ๐Ÿ‡ณ Mongolia
44%
๐Ÿ‡ฒ๐Ÿ‡ช Montenegro
44%
๐Ÿ‡ฒ๐Ÿ‡ฆ Morocco
44%
๐Ÿ‡ณ๐Ÿ‡ท Nauru
44%
๐Ÿ‡ณ๐Ÿ‡ช Niger
44%
๐Ÿ‡ฒ๐Ÿ‡ฐ North Macedonia
44%
๐Ÿ‡ต๐Ÿ‡ผ Palau
44%
๐Ÿ‡ต๐Ÿ‡พ Paraguay
44%
๐Ÿ‡จ๐Ÿ‡ฌ Republic of the Congo
44%
๐Ÿ‡ฑ๐Ÿ‡จ Saint Lucia
44%
๐Ÿ‡ป๐Ÿ‡จ Saint Vincent and the Grenadines
44%
๐Ÿ‡ผ๐Ÿ‡ธ Samoa
44%
๐Ÿ‡ธ๐Ÿ‡น Sรฃo Tomรฉ and Prรญncipe
44%
๐Ÿ‡ธ๐Ÿ‡จ Seychelles
44%
๐Ÿ‡ธ๐Ÿ‡ฑ Sierra Leone
44%
๐Ÿ‡ธ๐Ÿ‡ฌ Singapore
44%
๐Ÿ‡ธ๐Ÿ‡ง Solomon Islands
44%
๐Ÿ‡ธ๐Ÿ‡ธ South Sudan
44%
๐Ÿ‡ธ๐Ÿ‡ฉ Sudan
44%
๐Ÿ‡ธ๐Ÿ‡ท Suriname
44%
๐Ÿ‡น๐Ÿ‡ฏ Tajikistan
44%
๐Ÿ‡น๐Ÿ‡ฌ Togo
44%
๐Ÿ‡น๐Ÿ‡ด Tonga
44%
๐Ÿ‡น๐Ÿ‡ณ Tunisia
44%
๐Ÿ‡น๐Ÿ‡ฒ Turkmenistan
44%
๐Ÿ‡น๐Ÿ‡ป Tuvalu
44%
๐Ÿ‡บ๐Ÿ‡ฆ Ukraine
44%
๐Ÿ‡ป๐Ÿ‡บ Vanuatu
44%
๐Ÿ‡ธ๐Ÿ‡ป El Salvador
33%
๐Ÿ‡ซ๐Ÿ‡ฒ Federate States of Micronesia
33%
๐Ÿ‡ฌ๐Ÿ‡ผ Guinea-Bissau
33%
๐Ÿ‡ฒ๐Ÿ‡ญ Marshall Islands
33%
๐Ÿ‡ฐ๐Ÿ‡ณ Saint Kitts and Nevis
33%
No matching quizzes found
Score Distribution
Percent of People with Each Score
Percentile by Number Answered
Your Score History
You have not taken this quiz